01958nam a2200217 i 4500003000500000005001700005007000300022008004100025100003100066245017900097260007000276300001600346502009900362520107200461700003101533700003001564720003501594720004301629720003301672720003501705CSPC20251106093246.0ta231122s2021 ph a m 000 0beng  aArines, Louie Jaydauthor.10aImpact of synchronous online learning to the first year students of Camarines Sur Polytechnic Colleges, Buhi Campus /cLouie Jay Arines, Jo Ann D. Avila, and Margie I. Mora.  aBuhi, Camariens Sur :bCamarines Sur Polytechnic Colleges,c2021. a65 leaves.  aUndergraduate Thesis (BSOA)- Office AdministrationcCamarines Sur Polytechnic Colleges, 2021.  aThis study aims to determine the impact of Synchronous Online Learning to the first year students of Camarines Sur Polytechnic Colleges- Buhi Campus. It seek to answer the following questions (1.) To determine the profile of the respondents in terms of (a.) age (b.) sex (c.) civil status; (2.) Impact of synchronous online learning to the first year students of Camarines Sur Polytechnic Colleges Buhi Campus; and (3.) Proposed recommendations to improve the synchronous online learning to the first year students of Camarines Sur Polytechnic Colleges Buhi Campus. The methodology used was Descriptive Research Method. The conclusion drawn from the study are (1.) Majority of the respondents were single, female and aged 19- 20 years old. (2.) The impact of synchronous online learning to the first year student of Camarines Sur Polytechnic Colleges Buhi Campus were majority rated as Agree (3.) The respondents proposed recommendations to improve the synchronous learning to the first year students of Camarines Sur Polytechnic Colleges Buhi Campus.  aAvila, Jo Ann D.,eauthor. aMora, Margie I.,eauthor. aOliveros, Josefin N.,eadviser aInfnate, Leonisa D.,epanelist, chair. aRosal, Jhomer I.,epanelist. aVillar, Mariber M.,epanelist.